00377nam a2200145Ia 4500008004100000020001800041041000800059082001600067100002500083245003000108250000600138260005100144300001300195650002300208210716s2009 xx 000 0 und d a9788120339576 aeng a332.46 MISF aMishkin, Frederic S. aMonetary policy strategy. a1 aNew DelhibPHI Learning private limited.c2009 aviii,548 aGeneral Management